| 000 | 01241cam a22003011i 4500 | ||
|---|---|---|---|
| 003 | SA-RiAUC | ||
| 005 | 20250420093531.0 | ||
| 008 | 241001s1958 xx g 000 0 ara c | ||
| 040 |
_aBSALEHC _bara _cSA-RiAUC _erda |
||
| 043 | _aa-su--- | ||
| 082 | 0 | 4 |
_a953.121 _qSA-RiAUC |
| 090 |
_a953.121 _b ت ق ي |
||
| 100 | 1 |
_aالتقي الفاسي، محمد بن أحمد بن علي، _d775-832 هجري _eمؤلف. |
|
| 245 | 1 | 2 |
_aالعقد الثمين في تاريخ البلد الأمين / _cمحمد بن أحمد بن علي التقي الفاسي ؛ تحقيق محمد حامد الفقي. |
| 246 | 3 | 0 | _aتاريخ البلد الأمين |
| 250 | _aالطبعة الاولى | ||
| 264 | 1 |
_aبيروت: _bدار الكتب العلمية، _c1988 |
|
| 300 |
_a7 مجلد ؛ _c26 سم |
||
| 336 |
_aنص _btxt _2rdacontent _3كتاب |
||
| 337 |
_aبدون وسيط _bn _2rdamedia |
||
| 338 |
_aمجلد _bnc _2rdacarrier |
||
| 590 | _aمكتبة الصرعاوي. | ||
| 651 | 7 |
_aمكة المكرمة _xتاريخ _2aucsh |
|
| 651 | 7 |
_aالسعودية _vتراجم _2aucsh |
|
| 700 | 1 |
_aالفقي، محمد حامد، _d1892-1959 _eمحقق. |
|
| 942 |
_2ddc _cBOOK _n0 |
||
| 949 |
_aSA-JeALM _d241001 _umohamedma123 _n1 |
||
| 999 |
_c7202 _d7202 |
||